000 00993cab a2200217 4500
001 ABS43686
008 090401t1990 xxu||||| |||| 00| 0 eng d
035 _a(Sirsi) u42996
041 _aeng
100 _aBishop, D.
245 _aProfessional liability
260 _c1990
350 _a0
490 _aStructural Engineer
_v68 (21) 6 November 1990, 425-431(7)
520 _aThese three papers look at the question of professional liability and professional indemnity insurance. Bishop`s paper looks at the question of insurance in the aftermath of BUILD and Mathurin`s report with the emphasis on harmonisation throughout EC states, whilst Waller analyses relationship between client and professional adviser. Griffith advises professionals on the steps to take to avoid claims Tables show potential structural claims grouped by project , defect and cause.
690 _aInsurance
_96249
700 _aWaller, J.A.
700 _aGriffiths, M.
942 _n0
948 _c04/03/1997
999 _c27495
_d27495